LEADER 01025nam a2200241 i 4500 001 000000046591 003 CaOOAMICUS 005 20120213000000.0 008 120213s1964 xx u000 u fre u 013 $a17761 040 $aSeMil$bita 100 1 $aGermain, Gabriel,$d<1903-1978>.$0(OLS)http://semarc/name/23169 245 10$aÉpictète et la spiritualité stoïcienne /$cpar Gabriel Germain. 260 $aParis :$bÉditions du Seuil,$ccopyr. 1964. 300 $a189 p. :$bill. ;$c18 cm. 490 0 $aMicrocosme. Maitres spirituels ;$v33 650 4$aEpitteto.$0(OLS)http://semarc/subject/9880 650 4$aStoicismo.$0(OLS)http://semarc/subject/1871 830 0$aMicrocosme. Maîtres spirituels ;$v33.$0(OLS)http://semarc/title/21240 850 $aSeMil 852 $aSeMil$W1$xVenegono$y1$m2C II 106$j12746$B12746$CSeMilBibl$Z2$F12746 $81 996 $6245$aÉpictète et la spiritualité stoïcienne$9(OLS)http://semarc/title/69730 996 $6260$aParis :$bÉditions du Seuil$9(OLS)http://semarc/publisher/29806 LEADER 01735nam a2200277 i 4500 001 000000066974 003 CaOOAMICUS 005 20140203000000.0 008 140203s1951 it u000 u ita u 013 $a38146 040 $aSeMil$bita 100 1 $aQuadrio, Giuseppe .$0(OLS)http://semarc/name/33562 245 13$aIl Trattato "De Assumptione Beatae Mariae Virginis" dello Pseudo-Agostino e il suo influsso nella Teologia Assunzionistica Latina :$bDissertatio ad Lauream in Facultate Theologica Pontificiae Universitatis Gregorianae /$cdi Giuseppe Quadrio , S. D. B. 260 $aRomae :$bApud Aedes Universitatis Gregorianae,$c1951. 300 $aXV, 428 p. ;$c24 cm. 490 0 $aAnalecta Gregoriana ;$vVol.52. Series Facultatis Theologiae. Sectio B, n. 21 490 0 $aAnalecta Gregoriana. Series Facultatis Theologiae. Sectio B ;$v21 500 $aContiene : Bibliografia. 600 04$aPseudo-Agostino.$0(OLS)http://semarc/subject/13035 650 4$aMadonna - Assunzione.$0(OLS)http://semarc/subject/4528 830 0$aAnalecta Gregoriana ;$vVol.52. Series Facultatis Theologiae. Sectio B, n. 21.$0(OLS)http://semarc/title/9 830 0$aAnalecta Gregoriana. Series Facultatis Theologiae. Sectio B ;$v21.$0(OLS)http://semarc/title/14379 850 $aSeMil 852 $aSeMil$W1$xVenegono$y1$m2N V 152$j33127$B33127$CSeMilBibl$Z2$F33130 $81 996 $6245$aIl Trattato "De Assumptione Beatae Mariae Virginis" dello Pseudo-Agostino e il suo influsso nella Teologia Assunzionistica Latina :$bDissertatio ad Lauream in Facultate Theologica Pontificiae Universitatis Gregorianae$9(OLS)http://semarc/title/106645 996 $6260$aRomae :$bApud Aedes Universitatis Gregorianae$9(OLS)http://semarc/publisher/30266